000 00718nam a2200253Ia 4500
003 OSt
005 20220926021053.0
006 a|||||r|||| 00| 0
007 ta
008 220923b |||||||| |||| 00| 0 eng d
037 _cGeneral Book
040 _aRTL
_cRTL
_beng
041 _2eng
_aeng
082 _aX:8F, K1
110 _aNational Association of Accountants
245 0 _aApplying accruals and deferrals to interim earning
260 _aNew York
_bThe Author USA
_c1961
300 _a30p.
_ccm.
490 _aIts accounting practice report. 11
650 _aBudgeting
700 _aNational Association of Accountants
942 _hX:8F, K1
_cGB
_2CC
999 _c635679
_d635679